000 00597nam a2200241Ia 4500
005 20250425161959.0
008 250425s9999 xx 000 0 und d
020 _a8428325693
041 _aspa
082 _a668.4
100 _aRICHARDSON, TERRY L.
245 0 _aINDUSTRIA DEL PLASTICO: PLASTICO INDUSTRIAL
250 _a1A ED.
260 _aEspaƱa
_bPARANINFO
_c2000
260 _aMADRID
300 _a584
650 _aINDUSTRIA DEL PLASTICO
650 _aPLASTICOS
650 _aPROCESO DE MOLDEO
650 _aTRANSFORMACION DE PLASTICOS
942 _c01
010 _a38573
999 _c220052
_d220052